| 000 | 00399cam a2200169ua 4500 | ||
|---|---|---|---|
| 020 | _c2.00 | ||
| 041 |
_aeng _h |
||
| 082 |
_a581.6 _bNAR/EC |
||
| 100 | _aNarasimha Rao, K . | ||
| 245 |
_aEconomic botany / _cK Narasimha Rao. _hTextual Documents |
||
| 260 |
_aChennai : _bS.Viswanathan , _c1952. |
||
| 300 | _a82 ; . | ||
| 365 | _a2.00 | ||
| 504 | _a | ||
| 942 | _cBK | ||
| 999 |
_c7257 _d7257 |
||